Detalles MARC
| 000 -CABECERA |
| campo de control de longitud fija |
01112nam a2200265 a 4500 |
| 001 - NÚMERO DE CONTROL |
| campo de control |
000038884 |
| 005 - FECHA Y HORA DE LA ÚLTIMA TRANSACCIÓN |
| campo de control |
20240604194808.0 |
| 008 - DATOS DE LONGITUD FIJA--INFORMACIÓN GENERAL |
| campo de control de longitud fija |
110401s1983 dr a 001 0 spa d |
| 020 ## - NÚMERO INTERNACIONAL ESTÁNDAR DEL LIBRO |
| Número Internacional Estándar del Libro |
8484000702 |
| 040 ## - FUENTE DE LA CATALOGACIÓN |
| Centro catalogador/agencia de origen |
DO-SdBNP |
| Lengua de catalogación |
spa |
| Centro/agencia transcriptor |
BNPHU |
| 082 ## - NÚMERO DE LA CLASIFICACIÓN DECIMAL DEWEY |
| Número de clasificación |
301 |
| Número de documento/Ítem |
S678L, 1983 |
| 245 01 - MENCIÓN DE TÍTULO |
| Título |
Sociología : |
| Resto del título |
libro básico de consulta / |
| Mención de responsabilidad, etc. |
presentación y selección Rubén Silié. |
| 250 ## - MENCIÓN DE EDICIÓN |
| Mención de edición |
3ª ed. |
| 260 ## - PUBLICACIÓN, DISTRIBUCIÓN, ETC. |
| Lugar de publicación, distribución, etc. |
Santo Domingo : |
| Nombre del editor, distribuidor, etc. |
Taller, |
| Fecha de publicación, distribución, etc. |
1983. |
| 300 ## - DESCRIPCIÓN FÍSICA |
| Extensión |
139 p. : |
| Otras características físicas |
il. ; |
| Dimensiones |
23 cm. |
| 490 1# - MENCIÓN DE SERIE |
| Mención de serie |
Biblioteca Taller |
| -- |
textos |
| Designación de volumen o secuencia |
124 |
| 505 0# - NOTA DE CONTENIDO CON FORMATO |
| Título |
Presentación / |
| Mención de responsabilidad |
Rubén Silié -- |
| -- |
Jean Gazeneuve -- |
| -- |
F. Balle, |
| -- |
A. Akoun -- |
| -- |
Carlos Marx -- |
| -- |
V. Rozhin -- |
| -- |
Henri Mendras -- |
| -- |
Guy Rocher -- |
| -- |
Salvador Giner -- |
| -- |
Agustín Cueva -- |
| -- |
R. Bendix -- |
| -- |
S.M. Lipset -- |
| -- |
X. Kelle -- |
| -- |
M. Novalzón. |
| 504 ## - NOTA DE BIBLIOGRAFÍA, ETC. |
| Nota de bibliografía, etc. |
Incluye referencias bibliograficas y notas al pie de las páginas. |
| 590 ## - NOTA LOCAL (RLIN) |
| Nota local |
Inventariado, 2018/VM |
| 650 #0 - PUNTO DE ACCESO ADICIONAL DE MATERIA--TÉRMINO DE MATERIA |
| Término de materia o nombre geográfico como elemento de entrada |
Sociología |
| 9 (RLIN) |
1061 |
| 650 #0 - PUNTO DE ACCESO ADICIONAL DE MATERIA--TÉRMINO DE MATERIA |
| Término de materia o nombre geográfico como elemento de entrada |
Ciencias sociales |
| 9 (RLIN) |
1065 |
| 700 12 - PUNTO DE ACCESO ADICIONAL--NOMBRE DE PERSONA |
| Nombre de persona |
Silié, Rubén, |
| Fechas asociadas al nombre |
1946- |
| 9 (RLIN) |
1421 |
| 830 #0 - PUNTO DE ACCESO ADICIONAL DE SERIE-TÍTULO UNIFORME |
| Título uniforme |
Biblioteca Taller |
| Nombre de parte o sección de la obra |
textos |
| Designación de volumen o secuencia |
124 |
| 9 (RLIN) |
54704 |
| 910 ## - DATOS DE OPCIÓN DEL USUARIO (OCLC) |
| Datos de opción del usuario |
Validado. Control de calidad MFF |